书目信息 |
| 题名: |
容易用混的词
|
|
| 作者: | 蒋荫枬 , 贾双虎 编 | |
| 分册: | ||
| 出版信息: | 北京 北京出版社 1978.09 |
|
| 页数: | 121页 | |
| 开本: | 19cm | |
| 丛书名: | 语文小丛书 | |
| 单 册: | ||
| 中图分类: | H136.2 | |
| 科图分类: | ||
| 主题词: | 汉语--语义 , 汉语--语义学 , 汉语--词汇 , 训诂 | |
| 电子资源: | ||
| ISBN: | ||
| 000 | 00721nam0 2200277 45 | |
| 001 | 0306250846 | |
| 005 | 20040525160043.7 | |
| 010 | @dCNY0.26 | |
| 091 | @a9071.14 | |
| 100 | @a20030625d1978 km y0chiy0120 ea | |
| 101 | 0 | @achi |
| 105 | @a z 000yy | |
| 200 | 1 | @a容易用混的词@ARong Yi Yong Hun De Ci@f蒋荫枬,贾双虎编@FJiang Yin Nan,Jia Shuang Hu Bian |
| 210 | @a北京@c北京出版社@d1978.09 | |
| 215 | @a121页@d19cm | |
| 225 | @a语文小丛书 | |
| 410 | @12001 @a语文小丛书 | |
| 606 | 0 | @a汉语@x语义 |
| 606 | 0 | @a汉语@x语义学 |
| 606 | 0 | @a汉语@x词汇 |
| 606 | 0 | @a训诂 |
| 690 | @aH136.2@v3 | |
| 701 | 0 | @a蒋荫枬@4编 |
| 701 | 0 | @a贾双虎@4编 |
| 801 | @aCN@bTSTC@c20030625 | |
| 905 | @dH136.2@e229@f1@b887 | |
| 容易用混的词/蒋荫枬,贾双虎编.-北京:北京出版社,1978.09 |
| 121页;19cm.-(语文小丛书) |
| ISBN :CNY0.26 |
| ● |
| 相关链接 |
|
|
|
|
正题名:容易用混的词
索取号:H136.2/229
 
预约/预借
| 序号 | 登录号 | 条形码 | 馆藏地/架位号 | 状态 | 备注 |
| 1 | 0000884 | 001823860 | 密集书库/ [索取号:H136.2/229] | 在馆 | |
| 2 | 0000887 | 000834538 | 第四借阅区/ [索取号:H136.2/229] | 在馆 | |
| 3 | 0030309 | 001901598 | 密集书库/ [索取号:H136.2/229] | 在馆 |